000 00475cam a22001934a 4500
005 20250605164317.0
008 250528s ||||||||||||||||||||||||d
035 _a22758
020 _a9780955278303
040 _aGR-AtMCL
_bgre
_dGR-AtMCL
_eAACR2
245 1 _aHOW TO PASS EXAMS AND SUCCEED IN YOUR COURSEWORK
250 _a1
260 _bBestbuybook,
_c2006
300 _a124
700 1 _aLeader Bill
_97209
942 _cBK
999 _c7803
_d7803